The meaning of survival : (Record no. 133553)

MARC details
000 -LEADER
fixed length control field 01019nam a2200241 i 4500
001 - CONTROL NUMBER
control field C2-0335367
003 - CONTROL NUMBER IDENTIFIER
control field PPAK
005 - DATE AND TIME OF LATEST TRANSACTION
control field 20180728134813.0
008 - FIXED-LENGTH DATA ELEMENTS--GENERAL INFORMATION
fixed length control field 160107s ja a|||| ||||| | eng d
040 ## - CATALOGING SOURCE
Original cataloging agency PPAK
Language of cataloging eng
Transcribing agency PPAK
Description conventions rda
082 04 - DEWEY DECIMAL CLASSIFICATION NUMBER
Classification number 952.195404
Edition number 23
090 00 - LOCALLY ASSIGNED LC-TYPE CALL NUMBER (OCLC); LOCAL CALL NUMBER (RLIN)
Classification number (OCLC) (R) ; Classification number, CALL (RLIN) (NR) 952.195404
Feature heading MEA
Feature heading KK
245 04 - TITLE STATEMENT
Title The meaning of survival :
Remainder of title Hiroshima's 36 year commitment to peace
264 #1 - PRODUCTION, PUBLICATION, DISTRIBUTION, MANUFACTURE, AND COPYRIGHT NOTICE
Place of production, publication, distribution, manufacture Hiroshima, Japan :
Name of producer, publisher, distributor, manufacturer The Ghugoku Shinbun and the Hiroshima International Cultural Foundation ,
300 ## - PHYSICAL DESCRIPTION
Extent 1983 ; 343 pages :
Other physical details illustrations ;
Dimensions 30 cm
336 ## - CONTENT TYPE
Source rdacontent
Content type term text
337 ## - MEDIA TYPE
Source rdamedia
Media type term unmediated
338 ## - CARRIER TYPE
Source rdacarrier
Carrier type term volume
500 ## - GENERAL NOTE
General note Accompanied by: The Meaning of survival : chronology & peace declaration, 1982-1985. [8] p. : ill. ; 29 cm. ; Translation of: Hiroshima no kiroku.
650 10 - SUBJECT ADDED ENTRY--TOPICAL TERM
Topical term or geographic name entry element Hiroshima-shi (Japan) - History - Bombardment, 1945 ; Hiroshima-shi (Japan) - History.
700 0# - ADDED ENTRY--PERSONAL NAME
Personal name Chu�goku Shinbunsha. ; Hiroshima Kokusai Bunka Zaidan.,
Relator term compile
942 ## - ADDED ENTRY ELEMENTS (KOHA)
-- dc
Koha item type Book
Holdings
Withdrawn Not for loan Current library Shelving location Date acquired Full call number Barcode Date last seen Koha item type
  Not For Loan Perpustakaan Alor Setar Koleksi Kedah 26/01/2016 KK 952.195404 MEA A00366809 09/05/2018 Book